000 01426nam0a22003131 4500
001 v19\rc\1771784
005 20260407102452.0
035 _a(NLR Aleph) 004869023
090 _a5081946
_c5081946
100 _a20061204d1903 |||y0rusy50 ca
101 0 _arus
102 _aRU
105 _ac z |||||
200 1 _aЮбилейный сборник врачей Имп. Киевского университета св. Владимира выпуска 1878 года. 1878-V/18-1903. XXV
_fПод ред. Ф.Ф. Рындовского и И.В. Троицкого
210 _aКиев
_cтип. К.Н. Милевского
_d1903
215 _a[2], III, 112, II с., 1 портр.
_d21
532 1 2 _aЮбилейный сборник врачей Императорского Киевского университета св. Владимира выпуска 1878 года. 1878-V/18-1903. XXV
702 1 _aРындовский
_bФ.Ф.
_f1853-
_gФедор Федорович
_4340
702 1 _aТроицкий
_bИ.В.
_f1854-1923
_gИван Виссарионович
_4340
712 0 2 _aУниверситет св. Владимира
_cКиев
_3RU\NLR\AUTH\889930492
_9356532
801 0 _aRU
_bNLR
_gpsbo
801 0 _aRU
_bRuMoRGB
_2psbo
801 1 _aRU
_bProSoft-M
_2rusmarc
852 _aNLR
_j38.63.7.16
899 _aRuMoRGB
_jJ 58/152
899 _aБАН
899 _aНБ МГУ
942 _cBOOK
980 _aNB